000 03203cam a22012494i 4500
003 PE-LiUPU
005 20250813185409.0
008 171108s2017 pe 0 rb 000 0 spa d
020 _a9789972516160
035 _a(Sirsi) a240008
040 _aPE-LiUPU
_bspa
_cPE-LiUPU
_erda
049 _aPRUA
082 0 4 _a305.55
_bH85
_220
100 1 _aHuber, Ludwig,
_eautor.
245 1 3 _aDeconstruyendo el rombo :
_bconsideraciones sobre la nueva clase media en el Perú /
_cLudwig Huber, Leonor Lamas.
250 _aPrimera edición.
264 1 _aLima :
_bInstituto de Estudios Peruanos ,
_c2017.
300 _a150 páginas ;
_c21 centímetros.
336 _atext
_2rdacontent
337 _aunmediated
_2rdamedia
338 _avolume
_2rdacarrier
490 0 _aPeru problema ;
_v51
504 _aBibliografía : páginas 123-150.
505 0 _aReflexiones teóricas -- La nueva clase media en el Perú -- Educación superior y formación de la nueva clase media en el Perú -- La expansión de la educación superior privada en el Perú -- La educación superior, como herramienta de movilidad social: el "mito del progreso".
526 _aP202
526 _aP201
526 _aP163
526 _aP162
526 _aP161
526 _aP160
526 _aP148
526 _aP147
526 _aP146
526 _aP145
526 _aP144
526 _aP143
526 _aP142
526 _aP141
526 _aP140
526 _aP139
526 _aP138
526 _aP137
526 _aP136
526 _aP135
526 _aP134
526 _aP133
526 _aP129
526 _aP128
526 _aP127
526 _aP120
526 _aP119
526 _aP118
526 _aP116
526 _aP115
526 _aP114
526 _aP110
526 _aP109
526 _aP108
526 _aP104
526 _aP103
526 _aP102
526 _aP99
526 _aP98
526 _aP97
526 _aP96
526 _aP95
526 _aP93
526 _aP90
526 _aP89
526 _aP88
526 _aP83
526 _aP82
526 _aP62
526 _aP59
526 _aP58
526 _aP57
526 _aP51
526 _aP49
526 _aP48
526 _aP47
526 _aP29
526 _aP24
526 _aP20
526 _aP19
526 _aP17
526 _aP15
526 _aP14
526 _aP12
526 _aP10
526 _aP09
526 _aP08
526 _aP07
526 _aP06
526 _aP05
526 _aP04
526 _aP01
526 _iPrograma académico :
_5PE-LiUPU
541 _g029-805;
650 0 4 _aClases sociales.
650 0 4 _aSocial classes.
700 1 _aLamas, Leonor,
_eautora.
910 _adbm
_bksl
_cksl
_d20171108
942 _2ddc
_cBOOK
994 _aC0
_bPEPRU
596 _a1
999 _a305.55 H85
_wLC
_c25668
_i76770
_f2021-11-9
_g4
_lCCODEBUL1
_mBUL
_p9.23
_r0
_sY
_tBOOK
_u2017-11-8
_xINGENIERIA
_PP06
_0COMPRA
_o.STAFF. Colección Ingeniería y Arquitectura
_d25668
980 _81
_gALBERTO SANCHEZ Responsable de Automatización